000 01035nam a2200217Ia 4500
999 _c40276
_d40276
001 6884
003 GE_BSU
005 20200130170149.0
008 181216s1963||||ge |||||||||||||| ||geo||
040 _cGE_BSU
041 _ageo
080 _a821.353.1-11 გ-69
100 _aგორგილაძე, ზურაბ.
_93647
245 _aსხალთის ტაძარი : სისხლი, დედა, მოლოდინი, მგზავრი :
_bლირიკული პოემები /
_cზურაბ გორგილაძე ; რედ. რ. ართილაყვა.
264 _aბათუმი :
_bსაბჭ.აჭარა,
_c1963.
300 _a67 გვ. ;
_c17 სმ.
653 _aსხალთის ტაძარი სისხლი, დედა, მოლოდინი, მგზავრი
653 _aლირიკული პოემები
700 _aართილაყვა, რ.
_eრედაქტორი
_96554
942 _cBK
_2udc